Statistics for Strongest Countries Per Continent P1 Of The Fight

Click here to take the quiz!

General Stats

  • This quiz has been taken 19 times
  • The average score is 16 of 18

Answer Stats

ContinentCountry% Correct
South AmericaBrazil
94%
North AmericaCanada
94%
North AmericaMexico
94%
AfricaNigeria
94%
EuropeUK
94%
South AmericaArgentina
88%
OceaniaAustralia
88%
AsiaChina
88%
South AmericaColombia
88%
AfricaEgypt
88%
EuropeFrance
88%
AsiaIndia
88%
AsiaJapan
88%
OceaniaNew Zealand
88%
EuropeRussia
88%
AfricaSouth Africa
88%
North AmericaUSA
88%
OceaniaPapua New
Guinea
82%

Score Distribution

Percentile by Number Answered

Percent of People with Each Score

Your Score History

You have not taken this quiz